Les chanson Disney des années 2000-2009 - Statistiques

Statistiques générales
  • Ce quiz a été pris 144 fois
  • Le résultat moyen est 12 sur 30
Statistiques - réponses
Hint Réponse % Correct
He Mele no Lilo Lilo et Stitch
90%
Je m'en vais Frère des Ours
81%
La Ferme se rebelle La Ferme se rebelle
78%
A travers le bayou La Princesse et la Grenouille
76%
Hawaiian Roller Coaster Ride Lilo et Stitch
70%
Un Petit Coin de Paradis au Far-West La Ferme se rebelle
68%
La Nouvelle-Orléans La Princesse et la Grenouille
68%
Mes amis de l'au-delà La Princesse et la Grenouille
66%
Yodle-Adle-Eedle-Idle-Oo La Ferme se rebelle
64%
Mon frère ours Frère des Ours
62%
Un chat, un chien et un rongeur Volt, Star malgré lui
58%
Au bout du rêve La Princesse et la Grenouille
51%
Ma belle Evangelina La Princesse et la Grenouille
47%
Un homme libre La Planète au Trésor
41%
Humains pour la vie La Princesse et la Grenouille
34%
Creuse encore et encore La Princesse et la Grenouille
31%
Can't Help Falling in Love Lilo et Stitch
21%
Bienvenue Frère des Ours
20%
L'ami qui me croira Bienvenue chez les Robinson
19%
Burning Love Lilo et Stitch
18%
Aussi loin que tes rêves Atlantide, l'Empire perdu
15%
Ces petits bonheurs Bienvenue chez les Robinson
15%
Over and Over Bienvenue chez les Robinson
14%
Heartbreak Hotel Lilo et Stitch
14%
Stuck on You Lilo et Stitch
13%
Suspicious Minds Lilo et Stitch
12%
Devil in Disguise Lilo et Stitch
10%
Un monde parfait Kuzco, l'Empereur Mégalo
9%
Hound Dog Lilo et Stitch
6%
Le retour du soleil d'antan La Ferme se rebelle
5%
Aucun quiz correspondant
Distribution des résultats
% des personnes avec chaque résultat
Percentile par nombre de réponses
Votre historique - résultats
Vous n’avez pas pris ce quiz